000 00560nam a22001937a 4500
003 OSt
005 20160302140528.0
008 160302b xxu||||| |||| 00| 0 eng d
020 _a0415246644
040 _c040a
082 _a658.4083
_bTIN 2001
100 _aTinsley, Stephen
_96970
245 _aEnvironmental management plans demystified:
_ba guide to implementing ISO 14001 /
_cStephen Tinsley
260 _aLondon
_bSpon press
_c2001
300 _avii, 240p;
_bill:
_c13 cm
504 _aIncludes index
650 _aEnvironment
_91074
942 _2ddc
_cSLOAN
999 _c3134
_d3134